00475nam a2200193 a 4500001001300000003000900013005001700022008004100039020001000080082001600090100001700106245001700123260005400140300000900194500003500203505001000238650001600248700001700264nice12345678IN_TiNIC20260116012438.0050524s1910 hyda grp 000 0 urd  ac10000a891.41bJAL aJalil, Hasan aTaj-E-Sukhan aHyderabad bMarkazi Anjuman Taleemus Salat c1910 a316p aincludes index and biblioraphy2 aIndex aUrdu-Poetry1 aJalil, Hasan